| 000 | 00971akm a2200325a 44500 | ||
|---|---|---|---|
| 008 | 140129s2013 cat | ||
| 041 | _acat | ||
| 041 | _bspa | ||
| 245 | _aLèxic bàsic de les teràpies naturals: Tècniques manuals | ||
| 245 | _h[tríptic] | ||
| 260 | _a[Barcelona] | ||
| 260 | _bConfederació de Treballadors Autònoms de Catalunya. Sectorial de Teràpies Naturals de Catalunya | ||
| 260 | _bUnió General de Treballadors de Catalunya | ||
| 260 | _c2013 | ||
| 300 | _a1 tríptic. | ||
| 500 | _aCategoria gramatical | ||
| 500 | _btermcat | ||
| 520 | _a50 | ||
| 591 | _a4183 | ||
| 592 | _aObra terminològica | ||
| 593 | _aEUA | ||
| 594 | _a4183 | ||
| 650 |
_ateràpies complementàries _960681 |
||
| 856 | _uhttp://catala.ugt.cat/wp-content/uploads/2014/01/TripticTN_def.pdf | ||
| 901 | _c[<2013>] | ||
| 902 | _a140129 | ||
| 942 |
_cMO _2ddc _n0 |
||
| 999 |
_c52342 _d52342 |
||